| 000 | 00770nas a2200217 4500 | ||
|---|---|---|---|
| 001 | 45145 | ||
| 021 | _b228599/05 | ||
| 090 | _a45145 | ||
| 100 | _a20080411a20059999m y0pory50030103ba | ||
| 101 | 0 | _apor | |
| 102 | _aPT | ||
| 200 | 1 |
_aAnuário financeiro dos municípios portugueses _e2021 _fMaria José da Silva Fernandes ... [et al.] |
|
| 210 | 9 |
_aLisboa _cOrdem dos Contabilistas certificados _d2021 |
|
| 215 | _d24 cm | ||
| 314 | _aMaria José da Silva Fernandes , Pedro Jorge Sobral Camões , Susana Jorge | ||
| 675 |
_a338(469.112)(05) _vBN _zpor |
||
| 675 |
_a050.8 _vBN _zpor |
||
| 712 | 0 | 2 | _aOrdem dos Técnicos Oficiais de Contas |
| 801 | 0 |
_aPT _bBN _gRPC |
|
| 856 | 4 | 0 | _uhttps://antigo.occ.pt/pt/a-ordem/publicacoes/anuario-financeiro-dos-municipios-portugueses/ |
| 990 | _cPERIODICOS | ||